Intel to site 'server farm' in UK (Record no. 62277)

MARC details
000 -LEADER
fixed length control field 00805cam a2200217 4500
001 - CONTROL NUMBER
control field WB3603-19
008 - FIXED-LENGTH DATA ELEMENTS--GENERAL INFORMATION
fixed length control field 000000n2000 000 0 eng u
035 ## - SYSTEM CONTROL NUMBER
System control number (Sirsi) u103703
245 ## - TITLE STATEMENT
Title Intel to site 'server farm' in UK
260 ## - PUBLICATION, DISTRIBUTION, ETC.
Date of publication, distribution, etc. 2000
490 ## - SERIES STATEMENT
Series statement Financial Times
Volume/sequential designation 20 January 2000, 2(1)
520 ## - SUMMARY, ETC.
Summary, etc. Intel, the world's largest semiconductor manufacturer, has chosen a site near Reading for its first European 'server farm', which will offer electronic commerce computer capacity to customers. The government say that this will confirm Britain as the leading European e-business location.
590 ## - LOCAL NOTE (RLIN)
Local note WB
650 0# - SUBJECT ADDED ENTRY--TOPICAL TERM
Topical term or geographic name entry element INTEL
650 0# - SUBJECT ADDED ENTRY--TOPICAL TERM
Topical term or geographic name entry element EBUSINESS
650 ## - SUBJECT ADDED ENTRY--TOPICAL TERM
Topical term or geographic name entry element E-COMMERCE
650 ## - SUBJECT ADDED ENTRY--TOPICAL TERM
Topical term or geographic name entry element INTERNET
650 0# - SUBJECT ADDED ENTRY--TOPICAL TERM
Topical term or geographic name entry element SERVER FARM
690 ## - LOCAL SUBJECT ADDED ENTRY--TOPICAL TERM (OCLC, RLIN)
Topical term or geographic name as entry element INFORMATION TECHNOLOGY-INTERNET
942 ## - ADDED ENTRY ELEMENTS (KOHA)
Suppress in OPAC 0
Holdings
Withdrawn status Lost status Source of classification or shelving scheme Damaged status Not for loan Home library Current library Shelving location Date acquired Total Checkouts Full call number Barcode Date last seen Copy number Price effective from Koha item type
    Dewey Decimal Classification     London London News article 20/01/2000   WB3603-19 103703-1001 06/08/2019 1 06/08/2019 News article